| 000 | 00475nam a2200157Ia 4500 | ||
|---|---|---|---|
| 008 | 151021s9999 xx 000 0 und d | ||
| 020 | _a750641371 | ||
| 050 | _aG.156.5 .E26W4 1999 | ||
| 245 | _a_Ecotourism Impacts , potentials and possibilities / Stephen Wearing | ||
| 260 | _aBoston : Butterworth Heinemann, 2000 | ||
| 300 | _axvii,163 p. | ||
| 500 | _aIncludes index | ||
| 500 | _aIncludes index | ||
| 650 | _a_Ecotourism | ||
| 980 | _a^d20130513 10:56:37^oanne | ||
| 999 |
_c13184 _d13184 |
||